Flag of European Subdivision by Country #1 - Statistics

General Stats
  • This quiz has been taken 512 times
    415 since last reset
  • The average score is 7 of 16
Answer Stats
Picture Answer % Correct
United Kingdom (Scotland)
100%
France (Bretagne)
73%
Germany (Berlin)
73%
Netherlands (Friesland)
61%
Italy (Lombardy)
54%
Spain (Castile and León)
54%
Belgium (Luxembourg)
50%
Russia (Moscow)
50%
Austria (Salzburg)
49%
Poland (Mazovia)
44%
Italy (Piedmont)
28%
Ukraine (Donetsk)
24%
Sweden (Stockholm)
19%
Serbia (Belgrade)
17%
Ireland (Limerick)
16%
Lithuania (Klaipėda)
13%
No matching quizzes found
Score Distribution
Percent of People with Each Score
Percentile by Number Answered
Your Score History
You have not taken this quiz since the last reset